[Event "Barcelona"]
[Site "Barcelona"]
[Date "1992.05.??"]
[Round "10"]
[White "Gurevich, Mikhail"]
[Black "Tal, Mihail"]
[Result "1-0"]
[WhiteElo "2635"]
[BlackElo "2525"]
[PlyCount "87"]
[EventDate "1992.05.??"]
[EventType "tourn"]
[EventRounds "11"]
[EventCountry "ESP"]
[EventCategory "13"]
[SourceTitle "CBM 030"]
[Source "ChessBase"]
[SourceDate "1992.10.01"]
[SourceVersion "1"]
[SourceVersionDate "1992.10.01"]
[SourceQuality "1"]

1. d4 d6 2. Bg5 Nd7 3. c4 Ngf6 4. Nc3 h6 5. Bh4 g5 6. Bg3 Nh5 7. e3 Nxg3 8. hxg3 Bg7 9. Bd3 e6 10. Nge2 Qe7 11. g4 Nf6 12. Ng3 Bd7 13. Qe2 c5 14. 0-0-0 0-0-0 15. Kb1 Kb8 16. Bc2 Rc8 17. d5 exd5 18. Bf5 dxc4 19. Bxd7 Qxd7 20. Nf5 Bf8 21. Qxc4 Qe6 22. Nd5 Nd7 23. f3 h5 24. e4 Ne5 25. Qc1 c4 26. Qxg5 Nd3 27. Rxh5 Rxh5 28. gxh5 Qe5 29. Qd2 Rc5 30. Nc3 d5 31. Qe3 d4 32. Qxd4 Qxd4 33. Nxd4 Rxh5 34. b3 Rh2 35. bxc4 Ne5 36. Nf5 Kc8 37. Ne3 Bc5 38. Ncd5 Nc6 39. Kb2 Nb4 40. Rd2 Nc6 41. Kc3 Rh1 42. Rd1 Rh2 43. f4 Rh4 44. Kd3 1-0

[Event "Barcelona"]
[Site "Barcelona"]
[Date "1992.05.??"]
[Round "8"]
[White "Romanishin, Oleg M"]
[Black "Tal, Mihail"]
[Result "1-0"]
[WhiteElo "2595"]
[BlackElo "2525"]
[PlyCount "49"]
[EventDate "1992.05.??"]
[EventType "tourn"]
[EventRounds "11"]
[EventCountry "ESP"]
[EventCategory "13"]
[SourceTitle "CBM 030"]
[Source "ChessBase"]
[SourceDate "1992.10.01"]
[SourceVersion "1"]
[SourceVersionDate "1992.10.01"]
[SourceQuality "1"]

1. d4 Nf6 2. Nf3 d5 3. c4 e6 4. g3 Bb4+ 5. Bd2 Be7 6. Bg2 0-0 7. 0-0 Nbd7 8. Qb3 c6 9. Rc1 Qb6 10. Qc2 c5 11. dxc5 Bxc5 12. e3 dxc4 13. Na3 Nd5 14. Nxc4 Qc7 15. Ng5 g6 16. Qe4 N7f6 17. Qh4 Qe7 18. Qh6 Rd8 19. Ne5 Nf4 20. gxf4 Rxd2 21. Ng4 Bb6 22. Nxf6+ Qxf6 23. Qxh7+ Kf8 24. Ne4 Qxb2 25. Nxd2 1-0

[Event "Barcelona"]
[Site "Barcelona"]
[Date "1992.05.??"]
[Round "1"]
[White "Tal, Mihail"]
[Black "Lautier, Joel"]
[Result "1-0"]
[WhiteElo "2525"]
[BlackElo "2580"]
[PlyCount "123"]
[EventDate "1992.05.??"]
[EventType "tourn"]
[EventRounds "11"]
[EventCountry "ESP"]
[EventCategory "13"]
[SourceTitle "CBM 030"]
[Source "ChessBase"]
[SourceDate "1992.10.01"]
[SourceVersion "1"]
[SourceVersionDate "1992.10.01"]
[SourceQuality "1"]

1. d4 Nf6 2. Nf3 e6 3. g3 b5 4. Bg2 Bb7 5. 0-0 c5 6. Bg5 Qb6 7. a4 a6 8. Nc3 Ne4 9. Nxe4 Bxe4 10. axb5 Qxb5 11. Qd2 f6 12. Bf4 Qb7 13. c4 cxd4 14. Qxd4 e5 15. Bxe5 fxe5 16. Qxe5+ Be7 17. Nd4 Bxg2 18. Nf5 Qb4 19. Kxg2 Nc6 20. Qxg7 0-0-0 21. Rxa6 Qb7 22. Rfa1 Nb4+ 23. Kg1 Nxa6 24. Qxe7 Qb6 25. Qa3 Rhf8 26. Nd6+ Kc7 27. Qxa6 Ra8 28. Qxb6+ Kxb6 29. Rd1 Ra2 30. Rd2 Kc6 31. f3 Rfa8 32. Nb5 R8a4 33. Rc2 Kc5 34. Nc3 Ra1+ 35. Kf2 Rxc4 36. Rd2 Ra7 37. e4 Kc6 38. Ke3 Rb7 39. Rc2 d6 40. Kd3 Rc5 41. f4 Rb4 42. g4 Kd7 43. g5 Ke6 44. h4 d5 45. Nxd5 Rxc2 46. Nxb4 Rxb2 47. Nc2 Rb3+ 48. Kc4 Rh3 49. Nd4+ Kf7 50. f5 Rxh4 51. Kd5 Rg4 52. Nf3 Rg3 53. Ne5+ Kg8 54. f6 Rxg5 55. Ke6 Rg1 56. f7+ Kg7 57. Nd7 Rf1 58. f8Q+ Rxf8 59. Nxf8 h6 60. Nd7 h5 61. Ne5 h4 62. Nf3 1-0

[Event "Barcelona"]
[Site "Barcelona"]
[Date "1992.05.??"]
[Round "3"]
[White "Tal, Mihail"]
[Black "Rivas Pastor, Manuel"]
[Result "1-0"]
[WhiteElo "2525"]
[BlackElo "2520"]
[PlyCount "122"]
[EventDate "1992.05.??"]
[EventType "tourn"]
[EventRounds "11"]
[EventCountry "ESP"]
[EventCategory "13"]
[SourceTitle "CBM 030"]
[Source "ChessBase"]
[SourceDate "1992.10.01"]
[SourceVersion "1"]
[SourceVersionDate "1992.10.01"]
[SourceQuality "1"]

1. e4 d6 2. d4 Nf6 3. Nc3 c6 4. f4 Qa5 5. Bd2 e5 6. Nf3 exd4 7. Nxd4 Qb6 8. Nb3 a5 9. Rb1 a4 10. Nc1 g6 11. Qf3 Bg7 12. Bd3 0-0 13. N1e2 Bg4 14. Qg3 Bxe2 15. Nxe2 Nbd7 16. Qf3 Nc5 17. Be3 Nfxe4 18. Qxe4 Rfe8 19. Bxc5 dxc5 20. Qc4 Qa7 21. b4 axb3 22. Qxb3 b5 23. c4 Qa5+ 24. Kf1 Rad8 25. Rd1 Rb8 26. Qc2 bxc4 27. Bxc4 Rb2 28. Qc1 Qb4 29. h4 Re4 30. a3 Qb8 31. Rh3 Qe8 32. Nc3 Rxc4 33. Qxb2 Rxf4+ 34. Rf3 Rxh4 35. Qe2 Rh1+ 36. Kf2 Bd4+ 37. Rxd4 Qxe2+ 38. Nxe2 cxd4 39. Nxd4 c5 40. Nc6 Ra1 41. Rc3 Ra2+ 42. Kf3 f5 43. Na7 Kg7 44. Nb5 h5 45. g3 g5 46. Rxc5 Kf6 47. Rc3 g4+ 48. Kf4 Rf2+ 49. Ke3 Rg2 50. Kd4 f4 51. Rc6+ Kg5 52. Rc5+ Kh6 53. gxf4 h4 54. Ke5 h3 55. Nd6 h2 56. Nf5+ Kg6 57. Rc6+ Kf7 58. Rc7+ Kg8 59. Nh6+ Kf8 60. Kf6 Ke8 61. Nf5 Kd8 1-0

[Event "Barcelona"]
[Site "Barcelona"]
[Date "1992.05.??"]
[Round "7"]
[White "Tal, Mihail"]
[Black "Sokolov, Ivan"]
[Result "1/2-1/2"]
[WhiteElo "2525"]
[BlackElo "2630"]
[PlyCount "25"]
[EventDate "1992.05.??"]
[EventType "tourn"]
[EventRounds "11"]
[EventCountry "ESP"]
[EventCategory "13"]
[SourceTitle "CBM 030"]
[Source "ChessBase"]
[SourceDate "1992.10.01"]
[SourceVersion "1"]
[SourceVersionDate "1992.10.01"]
[SourceQuality "1"]

1. e4 e5 2. Nf3 Nc6 3. Nc3 Nf6 4. Bb5 Bb4 5. 0-0 0-0 6. Bxc6 dxc6 7. Nxe5 Re8 8. Nd3 Bxc3 9. dxc3 Nxe4 10. Bf4 Bf5 11. Re1 Qd7 12. f3 Nf6 13. Qd2 1/2-1/2

[Event "Seville op"]
[Site "Seville"]
[Date "1992.??.??"]
[Round "7"]
[White "Oll, Lembit"]
[Black "Tal, Mihail"]
[Result "1-0"]
[WhiteElo "2600"]
[BlackElo "2525"]
[PlyCount "81"]
[EventDate "1992.??.??"]
[EventType "swiss"]
[EventRounds "9"]
[EventCountry "ESP"]
[SourceTitle "CBM 029"]
[Source "ChessBase"]
[SourceDate "1992.08.01"]
[SourceVersion "1"]
[SourceVersionDate "1992.08.01"]
[SourceQuality "1"]

1. e4 e6 2. d4 d5 3. Nd2 dxe4 4. Nxe4 Nd7 5. Nf3 Be7 6. Bf4 Ngf6 7. Nxf6+ Nxf6 8. Bd3 c5 9. dxc5 Qa5+ 10. c3 Qxc5 11. 0-0 0-0 12. Ne5 Nd5 13. Bg3 g6 14. Qc2 Rd8 15. Be4 Bd7 16. Rfe1 Be8 17. Qb3 b5 18. Rad1 a5 19. a3 Ra7 20. Bxd5 Rxd5 21. Rxd5 Qxd5 22. Qxd5 exd5 23. Nd3 f6 24. f3 Kf7 25. Bf2 Rb7 26. b4 Rb8 27. bxa5 Ra8 28. Bb6 Bxa3 29. Ra1 Bd6 30. a6 Bc6 31. Bd4 Ke6 32. a7 Rc8 33. Ra6 Kd7 34. Bxf6 Ba8 35. Rb6 Rc7 36. Bd4 Rb7 37. Ra6 b4 38. Bc5 bxc3 39. Rxd6+ Kc7 40. Re6 Rb1+ 41. Re1 1-0

[Event "Bundesliga 9192"]
[Site "Germany"]
[Date "1991.11.23"]
[Round "3.4"]
[White "Tal, Mihail"]
[Black "Gutman, Lev"]
[Result "1/2-1/2"]
[WhiteElo "2575"]
[BlackElo "2465"]
[PlyCount "43"]
[EventDate "1991.10.12"]
[EventType "team-tourn"]
[EventRounds "15"]
[EventCountry "GER"]
[SourceTitle "GER-chT"]
[Source "ChessBase"]
[SourceDate "1999.07.01"]
[SourceVersion "1"]
[SourceVersionDate "1999.07.01"]
[SourceQuality "1"]
[WhiteTeam "Koeln Porz"]
[BlackTeam "Frankfurt FTG"]
[WhiteTeamCountry "GER"]
[BlackTeamCountry "GER"]

1. Nf3 Nf6 2. c4 g6 3. Nc3 d5 4. cxd5 Nxd5 5. g3 Nxc3 6. bxc3 Bg7 7. Bg2 0-0 8. 0-0 Nd7 9. d4 c6 10. Qc2 Qa5 11. Rd1 Nb6 12. a4 Re8 13. h3 c5 14. Ne5 Bf5 15. e4 Be6 16. f4 Rac8 17. d5 Bd7 18. Nxd7 Nxd7 19. e5 c4 20. Be3 Nc5 21. Kh2 Red8 22. h4 1/2-1/2

[Event "EU-Cup 08th round of 32"]
[Site "Porz"]
[Date "1991.06.27"]
[Round "1.2"]
[White "Tal, Mihail"]
[Black "Badea, Bela"]
[Result "1/2-1/2"]
[WhiteElo "2565"]
[BlackElo "2455"]
[PlyCount "41"]
[EventDate "1991.06.26"]
[EventType "team-match"]
[EventRounds "2"]
[EventCountry "GER"]
[SourceTitle "EXT 2020"]
[Source "ChessBase"]
[SourceDate "2019.10.17"]
[SourceVersion "1"]
[SourceVersionDate "2019.10.17"]
[SourceQuality "1"]
[WhiteTeam "Koeln Porz"]
[BlackTeam "Bucharest Politehnica"]
[WhiteTeamCountry "GER"]
[BlackTeamCountry "ROU"]

1. Nf3 Nf6 2. c4 g6 3. g3 Bg7 4. Bg2 0-0 5. 0-0 d6 6. Nc3 Nc6 7. d4 a6 8. Qd3 Nd7 9. Bg5 h6 10. Be3 e5 11. Qd2 Kh7 12. Rad1 exd4 13. Nxd4 Nce5 14. b3 Re8 15. h3 Nb6 16. Nd5 Ned7 17. Nxb6 Nxb6 18. Nc2 Nd7 19. Nb4 Nf6 20. Nd5 Rb8 21. Ba7 1/2-1/2

[Event "EU-Cup 08th round of 32"]
[Site "Porz"]
[Date "1991.06.26"]
[Round "1.1"]
[White "Badea, Bela"]
[Black "Tal, Mihail"]
[Result "1/2-1/2"]
[WhiteElo "2455"]
[BlackElo "2565"]
[PlyCount "33"]
[EventDate "1991.06.26"]
[EventType "team-match"]
[EventRounds "2"]
[EventCountry "GER"]
[SourceTitle "EXT 2020"]
[Source "ChessBase"]
[SourceDate "2019.10.17"]
[SourceVersion "1"]
[SourceVersionDate "2019.10.17"]
[SourceQuality "1"]
[WhiteTeam "Bucharest Politehnica"]
[BlackTeam "Koeln Porz"]
[WhiteTeamCountry "ROU"]
[BlackTeamCountry "GER"]

1. c4 e6 2. Nc3 Bb4 3. Nf3 Nf6 4. g3 0-0 5. Bg2 d5 6. cxd5 exd5 7. a3 Bd6 8. d4 Re8 9. Bg5 c6 10. 0-0 Nbd7 11. b4 a6 12. e3 Nf8 13. Na4 Bg4 14. h3 Bh5 15. Nc5 Ra7 16. g4 Bg6 17. Ne5 1/2-1/2

[Event "Bundesliga 9091"]
[Site "Germany"]
[Date "1991.02.17"]
[Round "11.3"]
[White "Tal, Mihail"]
[Black "Ramos, Domingo"]
[Result "1-0"]
[WhiteElo "2565"]
[BlackElo "2330"]
[PlyCount "57"]
[EventDate "1990.10.06"]
[EventType "team-tourn"]
[EventRounds "15"]
[EventCountry "GER"]
[SourceTitle "GER-chT"]
[Source "ChessBase"]
[SourceDate "1999.07.01"]
[SourceVersion "1"]
[SourceVersionDate "1999.07.01"]
[SourceQuality "1"]
[WhiteTeam "Koeln Porz"]
[BlackTeam "Bamberg"]
[WhiteTeamCountry "GER"]
[BlackTeamCountry "GER"]

1. e4 c5 2. Nf3 d6 3. d4 cxd4 4. Nxd4 Nf6 5. Nc3 a6 6. a4 Qc7 7. Be2 Nc6 8. 0-0 e6 9. Be3 Be7 10. f4 Nxd4 11. Qxd4 e5 12. Qd3 exf4 13. Rxf4 Be6 14. Bd4 d5 15. Rxf6 dxe4 16. Nxe4 gxf6 17. Nxf6+ Bxf6 18. Bxf6 Rg8 19. Qxh7 Kf8 20. Qh6+ Ke8 21. Bf3 Rc8 22. c3 Qc5+ 23. Bd4 Qf5 24. Bxb7 Rc7 25. Rf1 Qc2 26. Bf3 Qxb2 27. Qh7 Rg6 28. Rd1 Qc2 29. Qh8+ 1-0

[Event "Bundesliga 9091"]
[Site "Germany"]
[Date "1991.02.16"]
[Round "10.2"]
[White "Tal, Mihail"]
[Black "Seibold, Hubert"]
[Result "1-0"]
[WhiteElo "2565"]
[BlackElo "2210"]
[PlyCount "57"]
[EventDate "1990.10.06"]
[EventType "team-tourn"]
[EventRounds "15"]
[EventCountry "GER"]
[SourceTitle "GER-chT"]
[Source "ChessBase"]
[SourceDate "1999.07.01"]
[SourceVersion "1"]
[SourceVersionDate "1999.07.01"]
[SourceQuality "1"]
[WhiteTeam "Koeln Porz"]
[BlackTeam "Nuernberg"]
[WhiteTeamCountry "GER"]
[BlackTeamCountry "GER"]

1. e4 c5 2. Nf3 Nc6 3. Nc3 g6 4. d4 cxd4 5. Nxd4 Bg7 6. Be3 Nf6 7. Bc4 Qa5 8. 0-0 0-0 9. Bb3 d6 10. h3 Bd7 11. Re1 Rfe8 12. Qd3 Nxd4 13. Bxd4 Bc6 14. Rad1 Rad8 15. Qe3 b6 16. Nd5 Nxd5 17. exd5 Bb7 18. Bxg7 Kxg7 19. Rd4 Qc5 20. Qd2 h6 21. Re3 Qc7 22. Ba4 Rh8 23. Rc3 Qb8 24. Qe3 a6 25. Qxe7 Rc8 26. Rg3 h5 27. Rf4 Bxd5 28. Qf6+ Kh7 29. Rf5 1-0

[Event "Moscow4"]
[Site "Moscow"]
[Date "1991.??.??"]
[Round "?"]
[White "Dragomarezkij, Evgeni"]
[Black "Tal, Mihail"]
[Result "1/2-1/2"]
[WhiteElo "2455"]
[BlackElo "2565"]
[PlyCount "67"]
[EventDate "1991.??.??"]
[EventType "swiss"]
[EventRounds "9"]
[EventCountry "URS"]
[SourceTitle "TD"]
[Source "ChessBase"]
[SourceDate "1994.03.01"]
[SourceVersion "1"]
[SourceVersionDate "1994.03.01"]
[SourceQuality "1"]

1. d4 d5 2. c4 c6 3. Nc3 Nf6 4. e3 e6 5. Nf3 Nbd7 6. Qc2 Bd6 7. b3 0-0 8. Be2 a6 9. 0-0 e5 10. cxd5 cxd5 11. dxe5 Nxe5 12. Bb2 Be6 13. Rac1 Rc8 14. Rfd1 Ne4 15. Qb1 Nxf3+ 16. Bxf3 Bxh2+ 17. Kf1 f5 18. Nxe4 fxe4 19. Bxe4 Rxf2+ 20. Kxf2 Qh4+ 21. Ke2 dxe4 22. Rxc8+ Bxc8 23. Rh1 Qg4+ 24. Kf1 Qf5+ 25. Ke2 Bg3 26. Rf1 Qb5+ 27. Kd2 Bg4 28. Bd4 g5 29. Qxe4 Qe2+ 30. Kc3 Qxf1 31. Qxg4 Qc1+ 32. Kd3 Qb1+ 33. Kc4 Qf1+ 34. Kc3 1/2-1/2

[Event "New York m blitz"]
[Site "New York"]
[Date "1991.??.??"]
[Round "?"]
[White "Dzindzichashvili, Roman"]
[Black "Tal, Mihail"]
[Result "1/2-1/2"]
[WhiteElo "2555"]
[BlackElo "2565"]
[PlyCount "140"]
[EventDate "1991.??.??"]
[EventType "match (blitz)"]
[EventRounds "8"]
[EventCountry "USA"]
[SourceTitle "EXT 1998"]
[Source "ChessBase"]
[SourceDate "1997.11.17"]
[SourceVersion "1"]
[SourceVersionDate "1997.11.17"]
[SourceQuality "1"]

1. d4 Nf6 2. c4 g6 3. Nc3 Bg7 4. Nf3 0-0 5. Bf4 c5 6. e3 cxd4 7. exd4 d5 8. Be5 dxc4 9. Bxc4 Nc6 10. 0-0 Bg4 11. h3 Bxf3 12. Qxf3 Nxd4 13. Qxb7 Rc8 14. b3 Nc6 15. Rad1 Qb6 16. Qxb6 axb6 17. Bxf6 exf6 18. Nd5 Rb8 19. Bb5 Na7 20. a4 Rfd8 21. Rd3 Kf8 22. Rfd1 Rd6 23. Ne3 Rxd3 24. Rxd3 f5 25. Nc4 Bf6 26. Rd6 Bd8 27. Rd7 Nxb5 28. axb5 Be7 29. g3 Ke8 30. Ra7 Bc5 31. Ne5 Rd8 32. Nc6 Rd1+ 33. Kg2 Kf8 34. b4 Bd6 35. Rd7 Rd5 36. Ne7 Rd2 37. Nc8 Bxb4 38. Rxd2 Bxd2 39. Nxb6 Ke7 40. Nc4 Bc3 41. Kf3 Ke6 42. Ke3 Bb4 43. Kd4 Be1 44. Ke3 Bb4 45. f3 Kd5 46. Kd3 Kc5 47. Ne5 Kxb5 48. Nxf7 Be1 49. g4 fxg4 50. fxg4 h5 51. g5 Bh4 52. Ke4 Kc5 53. Kf4 Kd5 54. Nh8 Be1 55. Nxg6 Ke6 56. Ke4 Bd2 57. h4 Be1 58. Nf4+ Kf7 59. Ng2 Bc3 60. Kf3 Kg6 61. Nf4+ Kf5 62. Nxh5 Be1 63. Ng3+ Kg6 64. Kg4 Kg7 65. h5 Bd2 66. Ne4 Bc1 67. Kf5 Be3 68. h6+ Kh7 69. Nf6+ Kh8 70. Kg6 Bxg5 1/2-1/2

[Event "San Francisco"]
[Site "San Francisco"]
[Date "1991.??.??"]
[Round "7"]
[White "Fedorowicz, John P"]
[Black "Tal, Mihail"]
[Result "1/2-1/2"]
[WhiteElo "2555"]
[BlackElo "2570"]
[PlyCount "27"]
[EventDate "1991.03.??"]
[EventType "tourn"]
[EventRounds "11"]
[EventCountry "USA"]
[EventCategory "12"]
[SourceTitle "CBM 023"]
[Source "ChessBase"]
[SourceDate "1991.08.01"]
[SourceVersion "1"]
[SourceVersionDate "1991.08.01"]
[SourceQuality "1"]

1. d4 d5 2. c4 e6 3. Nc3 c6 4. Nf3 Nf6 5. e3 Nbd7 6. Qc2 Bd6 7. Bd3 0-0 8. 0-0 Qe7 9. e4 dxc4 10. Bxc4 e5 11. Rd1 exd4 12. Nxd4 Ne5 13. Bf1 Rd8 14. h3 1/2-1/2

[Event "URS-ch58"]
[Site "Moscow"]
[Date "1991.??.??"]
[Round "6"]
[White "Kiselev, Sergey"]
[Black "Tal, Mihail"]
[Result "1-0"]
[WhiteElo "2510"]
[BlackElo "2575"]
[PlyCount "73"]
[EventDate "1991.11.??"]
[EventType "swiss"]
[EventRounds "11"]
[EventCountry "URS"]
[SourceTitle "URS-ch"]
[Source "ChessBase"]
[SourceDate "1999.07.01"]
[SourceVersion "1"]
[SourceVersionDate "1999.07.01"]
[SourceQuality "1"]

1. d4 d6 2. e4 g6 3. Nc3 Bg7 4. h3 Nf6 5. Nf3 0-0 6. Be2 Nc6 7. 0-0 e5 8. dxe5 dxe5 9. Be3 Qe7 10. Nd2 Nd4 11. Bc4 c6 12. Ne2 b5 13. Bd3 Ne6 14. a4 Rd8 15. Qb1 Nh5 16. axb5 cxb5 17. Bxb5 Nhf4 18. Rd1 Qg5 19. Ng3 Nd4 20. Bf1 Be6 21. c3 Nc6 22. Ra6 Rac8 23. Nf3 Qe7 24. Rxd8+ Qxd8 25. b4 h5 26. b5 Nb8 27. Rxa7 Rxc3 28. b6 Nc6 29. b7 Rb3 30. Qxb3 Bxb3 31. Ra8 Ne6 32. Bb6 Qf8 33. Rc8 Ba4 34. Bc4 Bf6 35. Bxe6 fxe6 36. Rxf8+ Kxf8 37. Bc7 1-0

[Event "Buenos Aires Najdorf"]
[Site "Buenos Aires"]
[Date "1991.??.??"]
[Round "10"]
[White "Tal, Mihail"]
[Black "Adams, Michael"]
[Result "1/2-1/2"]
[WhiteElo "2565"]
[BlackElo "2600"]
[PlyCount "27"]
[EventDate "1991.04.??"]
[EventType "tourn"]
[EventRounds "13"]
[EventCountry "ARG"]
[EventCategory "11"]
[SourceTitle "CBM 024"]
[Source "ChessBase"]
[SourceDate "1991.10.01"]
[SourceVersion "1"]
[SourceVersionDate "1991.10.01"]
[SourceQuality "1"]

1. Nf3 Nf6 2. c4 b6 3. g3 c5 4. Bg2 Bb7 5. 0-0 e6 6. b3 Be7 7. Bb2 0-0 8. e3 d5 9. Qe2 Nbd7 10. Nc3 Ne4 11. cxd5 Nxc3 12. dxc3 Bxd5 13. c4 Bc6 14. Rfd1 1/2-1/2

[Event "Porz op 27th"]
[Site "Cologne"]
[Date "1991.??.??"]
[Round "7"]
[White "Tal, Mihail"]
[Black "Auer, Martin"]
[Result "1-0"]
[WhiteElo "2565"]
[BlackElo "2310"]
[PlyCount "61"]
[EventDate "1991.??.??"]
[EventType "swiss"]
[EventRounds "9"]
[EventCountry "GER"]
[SourceTitle "EXT 1997"]
[Source "ChessBase"]
[SourceDate "1996.11.15"]
[SourceVersion "1"]
[SourceVersionDate "1996.11.15"]
[SourceQuality "1"]

1. d4 Nf6 2. Nf3 e6 3. e3 b6 4. Bd3 Bb7 5. 0-0 Be7 6. c4 c5 7. Nc3 cxd4 8. exd4 d6 9. d5 e5 10. Ng5 Nbd7 11. f4 Nc5 12. fxe5 dxe5 13. Bxh7 Ba6 14. Bd3 Nxd3 15. Qxd3 Qc7 16. Qg3 Qxc4 17. Be3 Bd6 18. Ne6 fxe6 19. Qg6+ Kf8 20. Rxf6+ gxf6 21. Qxf6+ Kg8 22. Qg6+ Kf8 23. Bh6+ Rxh6 24. Qxh6+ Ke8 25. Qg6+ Kf8 26. Qf6+ Ke8 27. dxe6 Qf4 28. Qg6+ Kd8 29. Rd1 e4 30. Qg8+ Kc7 31. Nd5+ 1-0

[Event "Buenos Aires Najdorf"]
[Site "Buenos Aires"]
[Date "1991.??.??"]
[Round "5"]
[White "Tal, Mihail"]
[Black "Boissonet, Carlos P"]
[Result "1-0"]
[WhiteElo "2565"]
[BlackElo "2400"]
[PlyCount "87"]
[EventDate "1991.04.??"]
[EventType "tourn"]
[EventRounds "13"]
[EventCountry "ARG"]
[EventCategory "11"]
[SourceTitle "CBM 024"]
[Source "ChessBase"]
[SourceDate "1991.10.01"]
[SourceVersion "1"]
[SourceVersionDate "1991.10.01"]
[SourceQuality "1"]

1. Nf3 Nf6 2. g3 g6 3. b3 Bg7 4. Bb2 d6 5. d4 0-0 6. Bg2 Nc6 7. d5 Nb4 8. c4 c5 9. 0-0 b5 10. Nc3 bxc4 11. bxc4 Rb8 12. Qd2 e6 13. Rab1 exd5 14. Nxd5 Nfxd5 15. cxd5 Bf5 16. Bxg7 Kxg7 17. Rb3 Qf6 18. Nh4 Rfe8 19. Nxf5+ Qxf5 20. e4 Qf6 21. Rfb1 Na6 22. Bf1 Rxb3 23. Rxb3 c4 24. Re3 Rc8 25. Rc3 Nc5 26. Rxc4 Rb8 27. Rb4 Rxb4 28. Qxb4 Qf3 29. Qb8 Nxe4 30. Qxa7 Nc5 31. a4 Qxd5 32. a5 Nb3 33. a6 Nd4 34. Qb7 Qxb7 35. axb7 Nc6 36. f4 Kf8 37. Kf2 Ke7 38. Bg2 Nb8 39. Bd5 f6 40. h4 Kd8 41. f5 Ke7 42. Bg8 gxf5 43. Bxh7 Ke6 44. h5 1-0

[Event "Moscow4"]
[Site "Moscow"]
[Date "1991.??.??"]
[Round "?"]
[White "Tal, Mihail"]
[Black "Jung, Karl Otto"]
[Result "1/2-1/2"]
[WhiteElo "2565"]
[BlackElo "2210"]
[PlyCount "82"]
[EventDate "1991.??.??"]
[EventType "swiss"]
[EventRounds "9"]
[EventCountry "URS"]
[SourceTitle "TD"]
[Source "ChessBase"]
[SourceDate "1994.03.01"]
[SourceVersion "1"]
[SourceVersionDate "1994.03.01"]
[SourceQuality "1"]

1. e4 Nf6 2. e5 Nd5 3. d4 d6 4. f4 dxe5 5. fxe5 Nc6 6. c3 Bf5 7. Bd3 Bxd3 8. Qxd3 Qd7 9. Nf3 0-0-0 10. 0-0 f6 11. Nbd2 Nf4 12. Qe4 Qg4 13. g3 g5 14. exf6 exf6 15. Kh1 f5 16. Qe3 Nh3 17. Qe6+ Kb8 18. d5 Bc5 19. dxc6 Nf2+ 20. Rxf2 Bxf2 21. Kg2 Bb6 22. h3 Qh5 23. Qxf5 h6 24. Nc4 Rhf8 25. Qe4 Rde8 26. g4 Rxe4 27. gxh5 Rxc4 28. Ne5 Rf2+ 29. Kg3 Rcf4 30. Bxf4 gxf4+ 31. Kg4 Be3 32. Rd1 bxc6 33. Nxc6+ Kb7 34. Na5+ Kc8 35. Nc4 Rg2+ 36. Kf5 Rg5+ 37. Ke4 Rxh5 38. Rh1 Rg5 39. Nxe3 fxe3 40. Kf3 e2 41. Re1 Rh5 1/2-1/2

[Event "URS-ch58"]
[Site "Moscow"]
[Date "1991.??.??"]
[Round "3"]
[White "Tal, Mihail"]
[Black "Kruppa, Yuri"]
[Result "1/2-1/2"]
[WhiteElo "2575"]
[BlackElo "2485"]
[PlyCount "81"]
[EventDate "1991.11.??"]
[EventType "swiss"]
[EventRounds "11"]
[EventCountry "URS"]
[SourceTitle "URS-ch"]
[Source "ChessBase"]
[SourceDate "1999.07.01"]
[SourceVersion "1"]
[SourceVersionDate "1999.07.01"]
[SourceQuality "1"]

1. Nf3 Nf6 2. g3 d5 3. Bg2 g6 4. c4 dxc4 5. Na3 Be6 6. Qc2 Bd5 7. Nxc4 Nc6 8. 0-0 Bxf3 9. Bxf3 Nd4 10. Qd3 Nxf3+ 11. Qxf3 c6 12. Qb3 b6 13. d4 Qxd4 14. Bf4 Bg7 15. Ne5 Qd5 16. Rfd1 Qxb3 17. axb3 c5 18. Nc6 a5 19. Rd3 e6 20. Be5 0-0 21. Rad1 Rfe8 22. Rf3 Nd5 23. e4 Nb4 24. Bxg7 Nxc6 25. Rd6 Rac8 26. Bf6 e5 27. Rfd3 h6 28. h4 Nb4 29. Rd2 b5 30. Rb6 Rc6 31. Rd6 Rxd6 32. Rxd6 a4 33. bxa4 bxa4 34. f4 exf4 35. gxf4 Kf8 36. Kf2 Rxe4 37. Rd8+ Re8 38. Bg7+ Ke7 39. Bf6+ Kf8 40. Bg7+ Ke7 41. Bf6+ 1/2-1/2

[Event "Leningrad op"]
[Site "Leningrad"]
[Date "1991.??.??"]
[Round "?"]
[White "Tal, Mihail"]
[Black "Mukhametov, Eldar"]
[Result "1-0"]
[WhiteElo "2565"]
[BlackElo "2390"]
[PlyCount "107"]
[EventDate "1991.??.??"]
[EventType "swiss"]
[EventRounds "9"]
[EventCountry "URS"]
[SourceTitle "TD"]
[Source "ChessBase"]
[SourceDate "1994.03.01"]
[SourceVersion "1"]
[SourceVersionDate "1994.03.01"]
[SourceQuality "1"]

1. c4 c6 2. e4 e5 3. Nf3 Nf6 4. Nc3 Bb4 5. Nxe5 0-0 6. Nd3 Bxc3 7. dxc3 Nxe4 8. Be2 d5 9. cxd5 Qxd5 10. 0-0 Bf5 11. Be3 Qe6 12. Re1 Nd7 13. Bf1 Qd5 14. Nf4 Qxd1 15. Raxd1 Nef6 16. f3 Rfe8 17. g4 Be6 18. Nxe6 fxe6 19. c4 Nf8 20. Rd6 Re7 21. Red1 Rd7 22. Rxd7 N6xd7 23. f4 Kf7 24. Bg2 a6 25. Rd3 Rc8 26. Rb3 Rc7 27. f5 Nf6 28. g5 Ne8 29. Bb6 Rd7 30. Rf3 Rd1+ 31. Kf2 Rd2+ 32. Kg3 exf5 33. Rxf5+ Kg8 34. Rf2 Rxf2 35. Bxf2 Kf7 36. Kg4 Nd7 37. Kf4 Nc7 38. h4 Ne6+ 39. Ke4 Ndc5+ 40. Bxc5 Nxc5+ 41. Kd4 Ne6+ 42. Ke5 Ke7 43. Bh3 Nd8 44. c5 Nf7+ 45. Kd4 Nd8 46. b4 Nf7 47. Bf5 g6 48. Bc8 Nd8 49. Kc4 Ke8 50. Kb3 Ke7 51. Ka4 Ne6 52. Bxb7 Nd4 53. Ka5 Kd7 54. Kb6 1-0

[Event "Moscow4"]
[Site "Moscow"]
[Date "1991.??.??"]
[Round "?"]
[White "Tal, Mihail"]
[Black "Mukhametov, Eldar"]
[Result "1/2-1/2"]
[WhiteElo "2565"]
[BlackElo "2390"]
[PlyCount "77"]
[EventDate "1991.??.??"]
[EventType "swiss"]
[EventRounds "9"]
[EventCountry "URS"]
[SourceTitle "TD"]
[Source "ChessBase"]
[SourceDate "1994.03.01"]
[SourceVersion "1"]
[SourceVersionDate "1994.03.01"]
[SourceQuality "1"]

1. e4 e5 2. Nf3 Nc6 3. Bb5 g6 4. c3 a6 5. Ba4 d6 6. d4 Bd7 7. 0-0 Bg7 8. dxe5 Nxe5 9. Nxe5 dxe5 10. f4 Bxa4 11. Qxa4+ b5 12. Qb3 exf4 13. Bxf4 Nf6 14. Nd2 0-0 15. Rae1 Ng4 16. Nf3 Qe7 17. e5 Qc5+ 18. Kh1 Rae8 19. e6 fxe6 20. Rxe6 Kh8 21. Bg3 Rxe6 22. Qxe6 Ne5 23. Qxa6 Nd3 24. a4 Nxb2 25. axb5 Qxc3 26. Qb7 Qc4 27. Ra1 Na4 28. Re1 Nc3 29. b6 cxb6 30. Bd6 Qc8 31. Qxb6 Re8 32. Ne5 Nd5 33. Qa7 Qf5 34. h3 Nf6 35. Qa2 h5 36. Qf7 Kh7 37. Kg1 Ne4 38. Rxe4 Rxe5 39. Qxf5 1/2-1/2